000 00822nam a2200265Ia 4500
003 OSt
005 20220927104643.0
006 a|||||r|||| 00| 0
007 ta
008 220926b |||||||| |||| 00| 0 eng d
024 _a136532
037 _cReference Collections
040 _aRTL
_cRTL
_beng
041 _2eng
_aeng
082 _a"U6.2.N7s, L8/RR"
100 _aChaudhuri M R Ed.
_9366647
110 _aIndian Economic Geographic Studies
_9366648
245 0 _aIndia in statistics
260 _aCalcutta
_bOxford and I B H Publications India
_c1978
300 _a108p
_ccm.
650 _aEconomic Geography
_9366649
700 _aIndian Economic Geographic Studies
_9366650
942 _h"U6.2.N7s, L8/RR"
_cCC
999 _c688203
_d688203